All Moves in Super Smash Bros Ultimate (SSBU) - Statistics

General Stats
  • This quiz has been taken 104 times
    77 since last reset
  • The average score is 115 of 814
Answer Stats
Fighter Move Answer % Correct
UB Fire
80%
NB Fireball
71%
NB Fireball
71%
SB Cape
67%
NB Falcon Punch
55%
DB F.L.U.D.D.
55%
DB Bomb
53%
DB Bomb
53%
DB Bomb
53%
SB PK Fire
53%
SB PK Fire
53%
NB PK Freeze
53%
UB PK Thunder
53%
UB PK Thunder
53%
DB Thunder
53%
DB Thunder
53%
NB Thunder
53%
DB Counter
49%
DB Counter
49%
DB Counter
49%
DB Counter
49%
DB Counter
49%
DB Falcon Kick
49%
DB Rest
49%
UB Sing
49%
Joker NB Gun
47%
NB Inhale
47%
NB Inhale
47%
SB Boomerang
45%
SB Boomerang
45%
SB Boomerang
45%
FT/SB Punch
45%
FS/SB Punch
45%
FA/BA/SB Punch
45%
NB Flamethrower
43%
NB Flare
43%
NB Hadoken
43%
NB Hadoken
43%
SB Headbutt
43%
Pikachu Jab Headbutt
43%
NB Rollout
43%
NB Toad
43%
Daisy NB Toad
43%
NB Blaster
41%
NB Blaster
41%
Wolf NB Blaster
41%
US Blaster
41%
SB Flare Blitz
41%
Final PK Starstorm
41%
Final PK Starstorm
41%
DB Reflector
41%
DB Reflector
41%
DB Reflector
41%
Squirtle NB Water Gun
41%
UB Egg Throw
39%
DB Holy Water
39%
Final Mario Finale
39%
NB Shadow Ball
39%
UB Shoryuken
39%
UB Shoryuken
39%
UB Super Jump
39%
UB Vine Whip
39%
Lucario NB Aura Sphere
37%
NB Bullet Seed
37%
NB Charge Shot
37%
FS Charge Shot
37%
UB Fly
37%
SB Missile/Super Missile
37%
UB Teleport
37%
Final Triple Finish
37%
Final Triple Finish
37%
Final Triple Finish
37%
UB Aether
35%
NB Axe
35%
Steve UT Axe
35%
UA Axe
35%
SB Cross
35%
SB Egg Roll
35%
Bowser NB Fire Breath
35%
BA Fire Breath
35%
NB Mine
35%
SB Pikmin Throw
35%
NB PK Flash
35%
SB Pound
35%
SB Spin Dash
35%
NB Warlock Punch
35%
Greninja NB Water Shuriken
35%
Dash Burning
33%
DB C4
33%
SB Confusion
33%
SB Fishing Rod
33%
Grab Fishing Rod
33%
Final Octopus
33%
UB Quick Attack
33%
SB Skull Bash
33%
SB Skull Bash
33%
UB Super Jump Punch
33%
UB Super Jump Punch
33%
UB Super Jump Punch
33%
DB Aymr
31%
SB Back Slash
31%
UB Fire Fox
31%
SB Gordo Throw
31%
SB Judge
31%
SB Minecart
31%
DB Remote Bomb
31%
SB Shadow Sneak
31%
Roy Jab Slash
31%
UB Uppercut
31%
Final Volt Tackle
31%
Final Volt Tackle
31%
UB Air Slash
29%
DB Banana Peel
29%
NB Craft
29%
DB Fire Hydrant
29%
UB Hydro Pump
29%
Terry Jab Jab, Body Blow, High Kick
29%
DB Leaf Shield
29%
NB Thunder Jolt
29%
Pichu NB Thunder Jolt
29%
US Tree
29%
Final Triforce Slash
29%
Final Triforce Slash
29%
SB Arcfire
27%
& Watch NB Chef
27%
UB Elwind
27%
Final Great Aether
27%
NB Monado Arts
27%
Final Omnislash
27%
NB Pocket
27%
NB Pocket
27%
SB Raptor Boost
27%
UB Spin Attack
27%
UB Spin Attack
27%
UB Spin Attack
27%
DB Stone
27%
DB Substitute
27%
DB TNT
27%
DB Bowser Bomb
25%
SB Din's Fire
25%
NB Egg Lay
25%
UB Elytra
25%
NB Fire Arrow
25%
UB Fire Bird
25%
SB Green Missile
25%
DB Gyro
25%
SB Lloid Rocket
25%
. Melee Metal Slash
25%
NB Nayru's Love
25%
NB Peanut Popgun
25%
SB Razor Leaf
25%
NB Shield Breaker
25%
NB Sun Salutation
25%
DB Wizard's Foot
25%
Final Critical Hit
24%
Final Critical Hit
24%
DB Disable
24%
UB Dolphin Slash
24%
NB Eruption
24%
UB Farore's Wind
24%
UB Final Cutter
24%
. Status Heal
24%
NB Homing Attack
24%
DB Jet Hammer
24%
DB Limit Charge
24%
DB PSI Magnet
24%
DB PSI Magnet
24%
Final Stampede!
24%
. Status Bounce
22%
Go Buster Wolf
22%
Final Daisy Blossom
22%
Incineroar NB Darkest Lariat
22%
DB Deep Breathing
22%
Final End of Day
22%
UB Falcon Dive
22%
SB Force Palm
22%
NB Giant Punch
22%
Final Giga Bowser Punch
22%
NB Hero's Bow
22%
DB Luigi Cyclone
22%
NB Magic
22%
Final Peach Blossom
22%
Final Poltergust G-00
22%
Final Psystrike
22%
NB Ptooie
22%
DB Revenge
22%
SB3 Suplex
22%
SB Wario Bike
22%
Final Wario-Man
22%
DB Wario Waft
22%
DB Witch Time
22%
Final Ancient Bow and Arrow
20%
Rool NB Blunderbuss
20%
NB Chomp
20%
SB (Dark) Electroshock Arm
20%
NB Elthunder
20%
UB Extreme Speed
20%
UB Fire Wolf
20%
Link Grab Hookshot
20%
Grab Hookshot
20%
Final (Pit) Lightning Chariot
20%
DB Mechakoopa
20%
DB Nosferatu
20%
DB Oil Panic
20%
NB Pikmin Pluck
20%
DB Pokemon Change
20%
DB Pokemon Change
20%
DB Pokemon Change
20%
UB Rush Coil
20%
UB Screw Attack
20%
DT Sliding
20%
Cloud DT Sliding
20%
Simon & DT Sliding
20%
UB Spinning Kong
20%
Final Super Sonic
20%
NB Thoron
20%
DB Vegetable
20%
DB Vegetable
20%
UB Waterfall
20%
. Proj. Whack
20%
SB Withdraw
20%
DB Yoshi Bomb
20%
SB Alolan Whip
18%
NB Arcthunder
18%
DB Blizzard
18%
Final Blue Falcon
18%
Villager FS Bowling Ball
18%
Final Burning Sword
18%
SB Cross Slash
18%
UB Daisy Parasol
18%
Final Doctor Finale
18%
DB Double Team
18%
DB (Limit) Finishing Touch
18%
NB Flame Nova
18%
Final Grand Star
18%
SB Hammer Flip
18%
DB Hand Slap
18%
UA Hand Slap
18%
UB3 Hero's Spin
18%
. Status Hocus Pocus
18%
Final Iceberg
18%
. Status Kaclang
18%
Final Killer Wail
18%
DS Lava Bucket
18%
NB Mach Tornado
18%
Grab Net
18%
Isabelle Grab Net
18%
UB Peach Parasol
18%
Final Petey Piranha
18%
Final (Dark) Phazon Laser
18%
SB Photon Edge
18%
DB Power Dunk
18%
UB Power of Flight
18%
Final Puff Up
18%
SB Remote Missile
18%
Brawler NB1 Shot Put
18%
. Proj. Sizz
18%
DB Skewer
18%
DB Splat Bomb
18%
SB Splat Roller
18%
SB (Pit) Upperdash Arm
18%
Final (S.) Zero Laser
18%
Final Zero Laser
18%
UB Abandon Ship!
16%
Final Awakening Aether
16%
SB Blazing End
16%
DB Bouncing Fish
16%
SB3 Chakram
16%
SB Clay Shooting
16%
SB Dancing Blade
16%
UB Dark Dive
16%
SB Explosive Flame
16%
SB Flame Choke
16%
. Melee Flame Slash
16%
NB Gigaflare
16%
Final Grand Cross
16%
UB Grappling Hook
16%
DB Guardian Orbitars
16%
DB Gut Check
16%
FA Hatchet
16%
SB Header
16%
Spells: Proj. Kaboom
16%
. Melee Kamikazee
16%
US Magma Block
16%
NB Metal Blade
16%
NB (Pit) Palutena Bow
16%
Go Power Geyser
16%
SB Quick Draw
16%
UB Rocketbarrel Boost
16%
. Proj. Sizzle
16%
SB Space Pirate Rush
16%
NB Splattershot
16%
UB Spring Jump
16%
& Luma SB Star Bits
16%
Richter Dash (S.) Tackle
16%
Final Team Star Fox
16%
Final Team Star Fox
16%
DB Timber
16%
UB Vanish
16%
DB Vision
16%
DB Wild Gunman
16%
UB Winged Pikmin
16%
SB Wolf Flash
16%
SB Wonderwing
16%
UB Agility
14%
SB Arm Rotor
14%
NB Autoreticle
14%
NB Blade Beam
14%
SB2 Burning Dropkick
14%
Final Chain Attack
14%
UB Chroma Dust
14%
SB Crownerang
14%
SB Daisy Bomber
14%
Final (Dark) Dark Pit Staff
14%
SB Double-Edge Dance
14%
SB Double-Edge Dance
14%
Final Dream Home
14%
Byleth NB Failnaught
14%
DB Flip Jump
14%
SB Flying Slam
14%
Final Ganon, the Demon King
14%
Dash Gate
14%
. Melee Hatchet Man
14%
Final House of Boom
14%
SB Jolt Haymaker
14%
Final Jungle Rush
14%
UB Launch Star
14%
NB Megavitamins
14%
SB Monkey Flip
14%
. Status Oomph
14%
SB Peach Bomber
14%
ZA/Grab Plasma Whip
14%
SB Plasma Whip
14%
SB Poison Breath
14%
SB Power Pellet
14%
UB Prominence Revolt
14%
UB Rising Tackle
14%
UT Rising Upper
14%
UB Rising Uppercut
14%
King DT Rolling
14%
UB Shuttle Loop
14%
DT Slide
14%
UB1 Soaring Axe Kick
14%
UB Super Dedede Jump
14%
. Proj. Thwack
14%
Final Ultra Sword
14%
UB Warp
14%
UB Whirling Fortress
14%
Final Wii Fit
14%
SB Zap
14%
. Status Zoom
14%
SB (Air) After Burner Kick
12%
DA Anvil
12%
UB Balloon Trip
12%
UB Balloon Trip
12%
UB Belay
12%
Final Black Hole Laser
12%
UB Climhazzard
12%
UB Corkscrew
12%
BB Crack Shoot
12%
SB Crash Bomber
12%
UB Cross Chop
12%
UB Cypher
12%
SB Dragon Lunge
12%
DB Dr. Tornado
12%
Command Electric Wind God Fist
12%
DS Flame Blast
12%
US Flame Sword
12%
FA Flame Sword
12%
NB Flare Blade
12%
Chrom NB Flare Blade
12%
DB Focus Attack
12%
DB Focus Attack
12%
SB Fox Illusion
12%
Com. Grab Gates of Hell
12%
Final Giga Mac Rush
12%
Final Gigaslash
12%
DB1 Head-On Assault
12%
NB Ice Shot
12%
. Melee Kacrackle Slash
12%
Rosalina NB Luma Shot
12%
. Melee Magic Burst
12%
Final Max Malicious Moonsault
12%
NB Needle Storm
12%
NB Paralyzer
12%
DB Phantom Slash
12%
DB Pikmin Order
12%
Final Sacred Arrow
12%
Final Shin Shoryuken
12%
NB (Dark) Silver Bow
12%
FTh Slam
12%
BTh Slam
12%
DTh Slam
12%
DB Slip Counter
12%
UB Soaring Slash
12%
DB Spin Charge
12%
SB Squall Hammer
12%
UB1 Stone Scabbard
12%
NB Straight Lunge
12%
DB Swap to Mythra
12%
DB Swap to Pyra
12%
SB Tatsumaki Senpukyaku
12%
SB Tatsumaki Senpukyaku
12%
Final Team Star Wolf
12%
UB Woosh
12%
. Status Acceleratle
10%
Final All-Out Attack
10%
SB Areadbhar
10%
Final Aura Storm
10%
DB1 Blade Counter
10%
UB Blazer
10%
NB Bonus Fruit
10%
UB Boost Kick
10%
NB Bow and Arrows
10%
SB Clown Kart Dash
10%
DB3 Counter Throw
10%
Final Dede-Rush
10%
DB Dimensional Cape
10%
UB Dragon Ascent
10%
NB Dragon Fang Shot
10%
Final Dream Town Hall
10%
SB Drill Rush
10%
SB (Ars.) Eigaon
10%
SB Eiha
10%
NB3 Exploding Side Kick
10%
SB Falco Phantasm
10%
DT Flint and Steel
10%
Hero NB Frizz
10%
DB Gravitational Pull
10%
DA Hard Knuckle
10%
Inkling FS Inkbrush
10%
NA Jackknife
10%
NB Kafrizz
10%
SB Kazap
10%
NB (KO) KO Uppercut
10%
DB (Ars.) Makarakarn
10%
Mega Jab/FT/NA Mega Buster
10%
Final Pair Up
10%
NB Power Wave
10%
UB Ray of Punishment
10%
DB Rear Egg
10%
DB Rebel's Guard
10%
NB Robo Beam
10%
Grab Rope Snake
10%
Final Sealing the Keyhole
10%
Final Secret Ninja Attack
10%
Final Shadow Mario Paint
10%
Final Sheikah Dance
10%
Final Shinku Hadoken
10%
Sword NB2 Shuriken of Light
10%
BA Slash Claw
10%
. Proj. Snooze
10%
SB Super Sheet
10%
UB Swoosh
10%
DB (Ars.) Tetrakarn
10%
Final Triforce of Wisdom
10%
Command Wind God Fist
10%
UB (Ars.) Wings of Rebellion
10%
UB Witch Twist
10%
US Around the World
8%
SB Burst Grenade
8%
NA Chop
8%
NB Clown Cannon
8%
DB Counter Surge
8%
Final Covering Fire
8%
DS Dig
8%
BTh Dropkick
8%
DB1 Echo Reflector
8%
DB2 Feint Jump
8%
Final Final Edge
8%
NB2 Flashing Mach Punch
8%
Fox US Flip Kick
8%
DA Flutter Kick
8%
NB Frizzle
8%
Mii NB1 Gale Strike
8%
Samus ZA/Grab Grapple Beam
8%
NB3 Grenade Launch
8%
NB Hand Grenade
8%
UB2 Helicopter Kick
8%
BTh Hell Wheel
8%
Final Hyper Rocketbarrel
8%
UB Kaswoosh
8%
Mythra NB Lightning Buster
8%
Zelda FA Lightning Kick
8%
BA Lightning Kick
8%
DB Lloid Trap
8%
DA Mario Tornado
8%
NB Megaflare
8%
Final Omega Blitz
8%
SB1 Onslaught
8%
UB Piranhacopter
8%
Ridley NB Plasma Breath
8%
Final Plasma Scream
8%
. Status Psyche Up
8%
DB Reflect Barrier
8%
DB2 Reversal Slash
8%
FA Shadow Scratch
8%
DS Slosher
8%
Final Supernova
8%
UB Sword of the Creator
8%
UB3 Thrust Uppercut
8%
Ganondorf UT Volcano Kick
8%
FS Warrior
8%
SB Zapple
8%
Kazuya Rapid Jab 10 Hit Combo
6%
UA Air Shooter
6%
. Proj. Bang
6%
Ness FS Batter Up!
6%
Dedede Dash Belly Flop
6%
NB Breegull Blaster
6%
NB Bullet Climax
6%
Mii NB1 Charge Blast
6%
Crouch Rise Demon God Fist
6%
NA Dr. Kick
6%
FA Dr. Punch
6%
UB Duck Jump
6%
Final Full Blast
6%
Final Guided Robo Beam
6%
SB3 Gunner Missile
6%
Diddy DT Hand Clap
6%
SB Heel Slide
6%
Final Infernal Climax
6%
Link Dash Jump Slash
6%
FTh Kong Karry
6%
Mario US Lead Headbutt
6%
Luigi US Lead Headbutt
6%
UB1 Lunar Launch
6%
Final Mega Legends
6%
Man UT Mega Upper
6%
FA Meteor Knuckle
6%
Yoshi FA Noggin Dunk
6%
UB Octaslash
6%
Final (Alt) Omnislash Ver. 5
6%
UB PAC-Jump
6%
DB3 Power Thrust
6%
UB Propellerpack
6%
DB (Rage) Rage Drive
6%
UB Robo Burner
6%
Kong Dash Roll Attack
6%
Command Shakunetsu Hadoken
6%
DS Slide Kick
6%
US Spark Shock
6%
DT Squish Kick
6%
Final Super PAC-MAN
6%
Final The Mighty Jinjonator
6%
Crouch DFT Tombstone Crusher
6%
NB Trick Shot
6%
Final Triple Wolf
6%
NA Twinkle Star
6%
Kirby Jab Vulcan Jab/Smash Punch
6%
DS Walk the Dog
6%
Duck FS Zapper
6%
DB3 Absorbing Vortex
4%
BTh Airplane Swing
4%
DS Arm & Leg Lift
4%
DB ARMS Change
4%
UB ARMS Jump
4%
Final ARMS Rush
4%
UB Blade Dash
4%
Final Blast-O-Matic
4%
fighter NB3 Blurring Blade
4%
DB2 Bomb Drop
4%
DT Bridge
4%
FB Burning Knuckle
4%
DA Chair
4%
Banjo & Jab Claw Swipe
4%
DA CLEAR!
4%
Ryu FT (Held) Collarbone Breaker
4%
DB Command Selection
4%
Command Crouch Dash
4%
Final Darkness Illusion
4%
NB Devil Blaster
4%
DA Dive Kick
4%
DA Downward Turnips
4%
Lucina FS (Mar.) Dragon Killer
4%
Command Dragon Uppercut
4%
Dr. Mario US Ear, Nose, and Throat
4%
DS Electric Flower
4%
DA Electric Screw
4%
Ivysaur US Exploding Flower
4%
Final Final Blaster
4%
SB1 Flame Pillar
4%
SB2 Gale Stab
4%
NB (Ars.) Gun Special
4%
DB Heaven's Door
4%
DA (S.) Jump Kick
4%
FA Jump Kick
4%
NA Luigi Kick
4%
ZA Midair Hookshot
4%
Final NES Zapper Posse
4%
UA Overhead Kick
4%
FTh Pile Driver
4%
King K. DTh Piledriver
4%
DA PK Foot Stomp
4%
FTh PK Throw
4%
BA Repositioning Slash
4%
Kong FA Screw Kick
4%
FS Shadow Blast
4%
SB Shadow Flare
4%
Final Shinryuken
4%
UB Shock Spring Jump
4%
Wario Dash Shoulder Tackle
4%
Snake DTh Silent Takedown
4%
UB2 Skyward Slash Dash
4%
Mr. Game UA Spitball Sparky
4%
Samus & Jab Straight and Cannon Hammer
4%
DA Straight Punch
4%
Grab Super Arm
4%
UB Super Hoop
4%
FS (0%) Sword Beam
4%
DA Sword Plant
4%
Mewtwo DT Tail Sweep
4%
Dash Top Spin
4%
Final Torrential Roar
4%
Knight DTh Trample
4%
DFT Tsunami Kick
4%
UT Twin Pistons
4%
Dark Pit DA Under-arc Slash
4%
UA Upward Turnips
4%
BA (Mar.) About Face
2%
SB1 Airborne Assault
2%
NA AirN
2%
Marth & UT (Luc.) Anti-air Slash
2%
UB ARMS Hook
2%
DT Beak Barge
2%
FT Beak Bayonet
2%
DA Beak Buster
2%
US Bill Drill
2%
FS Breegull Bash
2%
UB2 Cannon Jump Kick
2%
Mii US Cartwheel Kick
2%
Dark US Cover Fire
2%
NB (Air) Create Block
2%
Crouch DT Crouch Jab
2%
Sheik FT Cycle Kick
2%
Trainer FT Dancer
2%
US Devil Twister
2%
UB Devil Wings
2%
NA Double Slash
2%
DA Downward Thrust
2%
NB Egg Firing
2%
Pyra FS Flare Smash
2%
Delay Jab Flash Punch Combo
2%
Dash Forward Roll
2%
US Galaxy Force
2%
BA Glider
2%
FS Glorious Demon God Fist
2%
DA Half Moon
2%
UA Half-Moon
2%
Climbers FA Hammer Slam
2%
Ice DS Hammer Sweep
2%
DT (Held) Heavy Ankle Kick
2%
DT (Held) Heavy Ankle Kick
2%
Sephiroth DA Hell's Gate
2%
DTh Hospital Bed
2%
Jigglypuff Dash Jiggly Ram
2%
DS Jiggly Split
2%
UA Jump Thrust
2%
US (Mar.) Justice Sword
2%
Falcon FA Knee Smash
2%
Gunner NB2 Laser Blaze
2%
FFT Left Splits Kick
2%
DT Leg Sweep
2%
DT (Tap) Light Ankle Kick
2%
DT (Tap) Light Ankle Kick
2%
DB Long-Stem Strike
2%
DT Low Stab
2%
Wii Fit Jab Lunge
2%
UA McCloud Flip
2%
DA Meteor Heel
2%
FA Meteor Slash
2%
Young ZA Midair Hookshot
2%
ZA Midair Rope Snake
2%
DT Nejiri Uraken
2%
FT Oni Front Kick
2%
BA PK Meteor Kick
2%
Final Progenitor God Ruptured Heaven
2%
Kazooie Rapid Jab Rat-a-tat Rap
2%
US Razor Wing
2%
BTh Reverse PK Throw
2%
Peach US Ribbon Dance
2%
Grab Rowing Squat
2%
Dash Running Headbutt
2%
DB Scintilla
2%
DS Shadow Bomb
2%
FTh Shadow Cannon
2%
Final Shippu Jinraikyaku
2%
Sonic DA Shooting Star Kick
2%
Donkey DT Slouch Slap
2%
FS Smash Kick
2%
SB Sonic Blade
2%
Command Spinning Demon to Left Hook
2%
DBT Stature Smash
2%
SB2 Stealth Burst
2%
Dash Stiletto
2%
FS (1-Hit) Sword Slice
2%
FS Triple Buster
2%
NA Two Part Slash
2%
Robin DA Undercut
2%
NA Weak Jab
2%
Captain UT Wheel Kick
2%
UT Wheel Kick
2%
UB Wing Blitz
2%
Charizard UT Wing Thrust
2%
FA Aerial Spin Kick
0%
UB Aerial Sweep
0%
BA Aerial Tail
0%
BA Air Boosters
0%
UTh Air Drop
0%
UTh Air Inferno
0%
BA Air Rat-a-tat Rap
0%
Pit & UT Anti-air Attack
0%
UB3 Arm Rocket
0%
Pummel Arm Throw (Punch)
0%
FS Backspin Kick
0%
Shulk BA Behind Thrust
0%
BTh Big Suplex
0%
NA Body Spark
0%
Getup Break Dance
0%
Getup Break Spin
0%
FTh Buster Throw
0%
BTh Buster Throw
0%
Ike DS Cast Off
0%
BA Cobra
0%
Bayonetta FT Consecutive Kicks
0%
DA Corkscrew Meteor
0%
DB Counterattack
0%
Crouch DBT Crouch Spin Kick
0%
DA Demon Scissors
0%
STaunt Demon's Wrath
0%
SB Devil Fist
0%
FTh Double Face Kick
0%
FS (2-Hit) Double Sword Slice
0%
DS Double Thrust
0%
Corrin FS Dragon Fang Thrust
0%
BA Dragon Fang Wings
0%
DTh Dragon-Form Kick
0%
DA Dragon's Piercing Drop
0%
BT Flash Tornado
0%
DA Flowerpot Meteor
0%
Grab Foe Grab
0%
DTh Fury Stomp
0%
UTh Grasping Upper
0%
Toon Link UT Half-Moon Slash
0%
UTh Heel Drop
0%
DS Heel Stomp
0%
Sora DA Hurricane Blast
0%
Ken Jab Inazuma Kick
0%
FS Joudan Sokutogeri
0%
BA Jump Backward Kick
0%
Dash Jumping Kick
0%
NA Jumping Knuckle
0%
BA Jumping Sobat
0%
DA Jump Karate Punch
0%
FTh Jump Server
0%
UTh Jump Set
0%
UBT Jump Side Kick
0%
DT Kick Attack
0%
Min Min Jab Kung Fu Combo
0%
Dash Leaping Sidekick
0%
DS Lion Slayer
0%
UA Midair Somersault Kick
0%
Meta UA Midair Up Sweep
0%
FT Middle Kick
0%
UA Moon Somersault Kick
0%
Command Nata Otoshi Geri
0%
DTh Neck Breaker Drop
0%
Command Oosoto Mawashi Geri
0%
PAC-MAN Dash PAC Dash Bite
0%
Olimar DS Pikmin Left/Right Dash
0%
DS PK Blow
0%
Lucas US PK Smash Geyser
0%
Dash Power Charge
0%
Plant FS Prickly Swing
0%
UTh Psychic Whirlwind
0%
Palutena DA Purging Kick
0%
Piranha FT Push and Pull
0%
UA Rising Swing
0%
UA Rising Toe Kick
0%
UFT Roundhouse to Triple Spin Kicks
0%
NB (Air) Round Wave
0%
R.O.B. FS S3
0%
FA Searing Edge
0%
FT Sharp Edge
0%
Ledge Side Plank
0%
FA Single-Leg Extension
0%
Zero Suit DS Slant Paralyzer
0%
Pummel Slap Punish Attack
0%
Samus DA Slash Dive
0%
Bowser Jr. FS Smash Twin Drills
0%
UA Somersault Kick
0%
US Somersault Kick
0%
BTh Somersault Throw
0%
NA Spinning Falco Chop
0%
BTh Steel Pedal Drop
0%
Pummel Sternum Smash
0%
DTh Stonehead
0%
Little Mac FS Straight Smash
0%
Grab/Zair Suction Shot
0%
UA Sukui Tsuki
0%
Falco DT Tail Cutter
0%
FTh Tetsuzanko
0%
FA Tobigeri
0%
NA Tornado Attack
0%
FA Tornado Kick
0%
UT Triangle
0%
NA Twirling Wing Whack
0%
DS Two-Way Kick
0%
DT Under Kick
0%
US Vertical Dragon Fang Thrust
0%
Hunt UA Wild Duck
0%
BTh Wild Swing Ding
0%
US Wild Upper
0%
DS Yato Dragon Fang
0%
No matching quizzes found
Score Distribution
Percent of People with Each Score
Percentile by Number Answered
Your Score History
You have not taken this quiz since the last reset